LEADER 01145nam a2200289 i 4500 001 000000145434 003 CaOOAMICUS 005 20051129000000.0 008 051129s1990 it u000 u mul u 013 $a120826 020 $a88-7692-207-5 040 $aSeMil$bita 100 1 $aAchmátova, Anna Andréevna ,$d<1889-1966>.$0(OLS)http://semarc/name/57986 245 10$aIo sono la vostra voce... /$cAnna Achmatova ; prefazione di Sergio Romano. 260 $aPordenone :$bStudio Tesi,$c1990. 300 $aXLV, 319 p. ;$c23 cm. 490 0 $aBiblioteca ;$v96 500 $aTesto russo a fronte. - Fondo Ciprandi. 700 1 $aRomano, Sergio,$d<1929- >.$0(OLS)http://semarc/name/5465 830 0$aBiblioteca ;$v96.$0(OLS)http://semarc/title/7577 850 $aSeMil 852 $aSeMil$W1$xVenegono$y1$m1W IV 303$j98218$B98218$CSeMilBibl$Z2$F106274 $81 941 1 $a1 961 $aOmaggio: Ciprandi dott. Paolo 996 $6020$a88-7692-207-5$9(OLS)http://semarc/number/133917 996 $6245$aIo sono la vostra voce...$9(OLS)http://semarc/title/212712 996 $6260$aPordenone :$bStudio Tesi$9(OLS)http://semarc/publisher/32924 LEADER 00934nam a2200217 i 4500 001 000000073689 003 CaOOAMICUS 005 20110517000000.0 008 110517s1892 it u000 u mul u 013 $a44861 040 $aSeMil$bita 100 1 $aDurando, Celestino.$0(OLS)http://semarc/name/11035 245 10$aLexicon latino-italicum /$ca Coelestino Durando in usum concinnatum. 250 $a7. ed. auctior et emendatior. 260 $aAugustae Taurinorum :$bEx Officina salesiana,$c1892. 300 $aXI, 1010 p. ;$c25 cm. 773 0 $aDurando, Celestino$tLexicon latino-italicum.$dAugustae Taurinorum : Ex Officina salesiana, 1892.$g1$w()24943 850 $aSeMil 852 $aSeMil$W1$xVenegono$y1$m1A IV 21 FA$j39841$B39841$CSeMilBibl$Z2$F39845 $8I 996 $6245$aLexicon latino-italicum$9(OLS)http://semarc/title/33606 996 $6260$aAugustae Taurinorum :$bEx Officina salesiana$9(OLS)http://semarc/publisher/29903